000
00207 a2200097 4500
001
8630
100
_a
Intsar ul Haque
245
_a
Philosophy of Religion.
260
_a
_b
Ferozsons
_c
090
_c
6953
_d
6953
942
_a
NUST-CAE
_c
M
_c
33548
999
_c
243703
_d
243703